| 000 | 01616nam a2200421 i 4500 | ||
|---|---|---|---|
| 001 | ELB55905 | ||
| 003 | FlNmELB | ||
| 006 | m o d | | ||
| 007 | cr cnu|||||||| | ||
| 008 | 180809s2017 sp ob 000 0 spa d | ||
| 020 | _z9788490229101 | ||
| 020 | _a9788490128343 (e-book) | ||
| 035 | _a(MiAaPQ)EBC5426009 | ||
| 035 | _a(Au-PeEL)EBL5426009 | ||
| 035 | _a(OCoLC)1105527274 | ||
| 040 |
_aFINmELB _bspa _erda _cFINmELB |
||
| 050 | 4 |
_aKHF2921 _bS669 2017 |
|
| 080 | _a342(83) | ||
| 082 | 0 |
_a342.83 _223 |
|
| 100 | 1 | _aSánchez Lobos, Leslie Valeska. | |
| 245 | 1 | 3 |
_aEl concepto de la fiscalización parlamentaria en el ordenamiento constitucional chileno / _cLeslie Valeska Sánchez Lobos. |
| 264 | 1 |
_aSalamanca : _bEdiciones Universidad de Salamanca, _c2017. |
|
| 300 | _a1 recurso en línea (611 páginas) | ||
| 336 |
_atexto _btxt _2rdacontent/spa |
||
| 337 |
_acomputadora _bc _2rdamedia/spa |
||
| 338 |
_arecurso en línea _bcr _2rdacarrier/spa |
||
| 504 | _aContiene bibliografía. | ||
| 588 | _aDescripción basada en recurso en línea; Título de la página del título en PDF (e-libro, visto August 9, 2010). | ||
| 590 | _aRecurso electrónico. Santa Fe, Arg.: e-libro, 2018. Disponible vía World Wide Web. El acceso puede estar limitado para las bibliotecas afiliadas a e-libro. | ||
| 650 | 0 |
_aConstitutional law _zChile. |
|
| 650 | 0 |
_aPolitics, Practical _zChile. |
|
| 650 | 4 | _aDerecho constitucional. | |
| 650 | 4 | _aPolítica. | |
| 651 | 4 | _aChile. | |
| 655 | 4 | _aLibros electrónicos. | |
| 797 | 2 | _ae-libro, Corp. | |
| 856 | 4 | 0 | _uhttps://elibro.net/ereader/usam/55905 |
| 999 |
_c147057 _d147057 |
||